Biologically active constituents from garcinia species /
Saved in:
| Main Author: | |
|---|---|
| Format: | Thesis Book |
| Language: | English |
| Published: |
2010.
|
| Subjects: | |
| Tags: |
Add Tag
No Tags, Be the first to tag this record!
|
| LEADER | 00790cam a2200229 a 4500 | ||
|---|---|---|---|
| 001 | u796586 | ||
| 003 | SIRSI | ||
| 005 | 201008300933 | ||
| 008 | 100830s2010 my a t 000 0 eng m | ||
| 040 | |a UMM | ||
| 090 | |a Q180 |b UM 2010 Wee | ||
| 100 | 1 | |a Wee, Mei Cien. | |
| 245 | 1 | 0 | |a Biologically active constituents from garcinia species / |c Wee Mei Cien. |
| 260 | |c 2010. | ||
| 300 | |a vii, 71 leaves : |b ill. ; |c 30 cm. | ||
| 502 | |a Dissertation (M.Phil.) -- Jabatan Kimia, Fakulti Sains, Universiti Malaya, 2010. | ||
| 504 | |a Bibliography: leaves 70-71. | ||
| 650 | 0 | |a Mangosteen |x Analysis. | |
| 710 | 2 | |a Universiti Malaya. |b Jabatan Kimia. | |
| 900 | |a ZSA-ZA | ||
| 596 | |a 1 | ||
| 999 | |a Q180 UM 2010 WEE |w LC |c 1 |i A514476938 |d 1/8/2015 |e 1/8/2015 |f 3/6/2011 |g 1 |l STACKS |m P01UTAMA |n 2 |r Y |s Y |t TESIS |u 3/6/2011 | ||
